Estatísticas para Cultura Geral

Clique aqui para jogar o quiz

Estatísticas Gerais

  • Esse quiz foi jogado 27 vezes
  • A pontuação média é 6 de 15

Estatísticas das Respostas

HintResposta% Correto
Em que região geográfica está localizada a Etiópia?Corno de África
79%
Em que cidade o Coliseu foi construído entre 72 e 80 d.C.?Roma
79%
Qual é série de anatomia é a mais famosa de todos os tempos?Anatomia de Grey
75%
Quem liderou a expedição espanhola ao Novo Mundo em 1492?Cristovão Colombo
67%
Qual é a capital das Filipinas?Manila
67%
O que são Ursa Maior, Andrómeda e Crux?Constelações
63%
Qual é a maior montanha do Japão?Fuji
54%
Que movimento artístico teve início com Monet e Renoir?Impressionismo
42%
Como se chama o manto japonês usado em ocasiões formais?Kimono
38%
Qual foi a primeira cidade a sediar os Jogos Olímpicos de Verão três vezes diferentes?Londres
25%
Que gladiador liderou uma revolta de escravos contra Roma?Spartacus
17%
Por qual atividade Davos, Aspen e Whistler são famosos?Esquiar
13%
Como se chama a banda desenhada japonesa?Manga
13%
Que evento desportivo ganhou Portugal em 2018?FIFA World Cup
4%
Em que tipo de arte o artista inglês Banksy se especializou?Graffiti
4%

Distribuição das Pontuações

Percentil de Números Respondidos

Porcentagem de Pessoas com Cada Pontuação

Sua Pontuação Histórica

Você não jogou esse quiz